000 00491nam a2200181Ia 4500
008 131103s9999 xx 000 0 und d
040 _aLoreto College
041 _aEnglish
082 _a370/MOO
_bLCBkB/416
100 _aMookerjee, K K
245 _aSome great educators
_cK K Mookerjee
260 _aCalcutta
_bDas Gupta
_c1964
300 _a290p.
_c 21cm.
504 _aIncludes bibliographical references & index
650 _aEducation
850 _aLCBkB/370/MOO
942 _cBK
999 _c35067
_d85546